| 000 | 00957cab a2200253 4500 | ||
|---|---|---|---|
| 001 | ABS56677 | ||
| 008 | 090401t1997 xxu||||| |||| 00| 0 eng d | ||
| 035 | _a(Sirsi) u77576 | ||
| 041 | _aeng | ||
| 100 | _aBingham, T. | ||
| 245 | 2 | _aA matter of life and death | |
| 260 | _c1997 | ||
| 350 | _a0 | ||
| 490 |
_aBuilding _v267(7983) 27 March 1997, 31(1) |
||
| 520 | _aExamines the consequences of an HSE inquiry that in the construction industry a prosecution will include charges against the employer or client, architect, engineer main contractor or subcontractor. Using as a case study the inquiry and prosecution after a fatal accident at the Port of Ramsgate. | ||
| 650 | _aCONSTRUCTION INDUSTRY | ||
| 650 | _aHEALTH AND SAFETY AT WORK ETC ACT 1974 | ||
| 650 | _aHEALTH AND SAFETY EXECUTIVE | ||
| 650 | _aPORT OF RAMSGATE | ||
| 650 | _aPROSECUTION | ||
| 690 | _aBUILT ENVIRONMENT-BUILDING STANDARDS | ||
| 942 | _n0 | ||
| 948 | _c04/04/1997 | ||
| 999 |
_c48766 _d48766 |
||